| 000 | 01014nam a2200265Ia 4500 | ||
|---|---|---|---|
| 001 | 21782 | ||
| 005 | 20260320113312.0 | ||
| 008 | 260320s9999||||xx |||||||||||||| ||und|| | ||
| 020 | _a9789972515613 | ||
| 041 | _aESP | ||
| 082 |
_a331.0985 _bD274 |
||
| 100 |
_aDrinot, Paulo, _eAUT |
||
| 245 | 0 |
_aLa seducción de la clase obrera : _btrabajadores, raza y la formación del Estado peruano |
|
| 246 |
_aThe allure of labor : _5workers, race, and the making of the peruvian State _b |
||
| 250 | _aPrimera edición | ||
| 260 |
_aLima : _bIEP Instituto de Estudios Peruanos, _c2016 |
||
| 300 |
_a325 páginas : _bilustraciones, fotografías ; _c24 cm. _e |
||
| 440 |
_a(Perú problema _n; número 44) _v |
||
| 650 | _aCIS | ||
| 653 | _aPolítica laboral; Clase obrera; Perú - Política y gobierno - Siglo XX; Relaciones raciales | ||
| 654 | _aCHU | ||
| 700 |
_aHidalgo W., Óscar, _cTRA |
||
| 856 |
_uhttps://www-jstor-org.ucsp.lookproxy.com/ _zVéase además: Base de datos JSTOR |
||
| 942 |
_cLIB _dJUS _fMAT _2ddc _n |
||
| 999 |
_c21782 _d21782 |
||